Elenca la formazione - Quiz n°249 - Statistics

Statistiche generali
  • Questo quiz è stato fatto 23 volte
  • Il punteggio medio è 6 su 11
Statistiche sulle risposte
Ruolo Club dell'epoca Calciatore % Corretto
Portiere Juventus Edwin van der Sar
95%
Centrocampista Juventus Edgar Davids
84%
Difensore Barcellona Frank de Boer
74%
Attaccante Arsenal Dennis Bergkamp
63%
Difensore Manchester United Jaap Stam
63%
Attaccante Barcellona Patrick Kluivert
63%
Difensore Rangers Giovanni van Bronckhorst
53%
Centrocampista Arsenal Marc Overmars
37%
Centrocampista Barcellona Boudewijn Zenden
16%
Centrocampista Barcellona Phillip Cocu
16%
Difensore Feyenoord Paul Bosvelt
0%
Nessun quiz corrispondente trovato
Distribuzione punteggi
Percentuale di utenti per punteggio
Percentile per numero di risposta
I tuoi punteggi nel tempo
Non hai fatto questo quiz